[Event "BAFDAG"]
[Site "SchemingMind.com"]
[Date "2021.11.25"]
[Round "-"]
[White "Daniel Dubé"]
[Black "Kenny Elliott"]
[Result "1-0"]
[WhiteCountry "CAN"]
[BlackCountry "USA"]
[WhiteElo "1604"]
[WhiteRD "57"]
[BlackElo "1541"]
[BlackRD "67"]
[GameID "717777"]

1. e4 e5 2. Nf3 Nc6 3. d4 Nf6 4. d5 Ne7 5. Nc3 d6 6. Bd3 Bg4 7. h3 Bh5 8. Be2 c6 9. dxc6 Nxc6 10. O-O Be7
11. Bg5 O-O 12. Bxf6 Bxf6 13. Nd5 Bxf3 14. Bxf3 Nd4 15. c3 Nxf3+ 16. Qxf3 Bg5 17. Qd3 Qd7 18. f4 exf4 19. Nxf4 Bxf4 20. Rxf4 b5
21. e5 d5 22. Rd1 Rad8 23. Rdf1 a5 24. Rh4 g6 25. Qe3 h5 26. Qg5 Qa7+ 27. Kh1 Kh7 28. Rxh5+ gxh5 29. Qxh5+ Kg7 30. Qg5+ Kh7
31. Rf6
1-0

[Event "BAFDAG"]
[Site "SchemingMind.com"]
[Date "2021.11.24"]
[Round "-"]
[White "Daniel Dubé"]
[Black "Derek Price"]
[Result "0-1"]
[WhiteCountry "CAN"]
[BlackCountry "ENG"]
[WhiteElo "1604"]
[WhiteRD "57"]
[BlackElo "2295"]
[BlackRD "67"]
[GameID "717778"]

1. e4 c5 2. Nf3 d6 3. Bb5+ Nd7 4. c3 Nf6 5. Qe2 a6 6. Ba4 b5 7. Bc2 e5 8. d4 cxd4 9. O-O dxc3 10. Nxc3 Be7
11. Rd1 O-O 12. Bb3 Bb7 13. Bd5 Bxd5 14. Nxd5 Nxd5 15. Rxd5 Rc8 16. Be3 Qc7 17. Rc1 Qb7 18. h3 Rxc1+ 19. Kh2 Ra1 20. Bg5 f6
21. Be3 Rc8 22. g4 f5 23. gxf5 Nf6 24. Rd2 Qxe4 25. Ng5 Rh1+ 26. Kg3 Rg1+
0-1

[Event "BAFDAG"]
[Site "SchemingMind.com"]
[Date "2021.11.24"]
[Round "-"]
[White "The Stonewall"]
[Black "Daniel Dubé"]
[Result "1-0"]
[WhiteCountry "ENG"]
[BlackCountry "CAN"]
[WhiteElo "2302"]
[WhiteRD "72"]
[BlackElo "1604"]
[BlackRD "57"]
[GameID "717779"]

1. d4 Nf6 2. c4 e6 3. g3 Bb4+ 4. Nd2 O-O 5. Bg2 d5 6. Nf3 b6 7. O-O Bb7 8. Ne5 Nc6 9. Ndf3 dxc4 10. Qa4 Nxe5
11. dxe5 Nd5 12. e4 Be7 13. exd5 Bxd5 14. Be3 f6 15. Rad1 b5 16. Qxb5 Rb8 17. Qa6 Rxb2 18. Nd4 fxe5 19. Nxe6
1-0

[Event "BAFDAG"]
[Site "SchemingMind.com"]
[Date "2021.11.23"]
[Round "-"]
[White "aperturaf"]
[Black "Daniel Dubé"]
[Result "1-0"]
[WhiteCountry "ESP"]
[BlackCountry "CAN"]
[WhiteElo "2399"]
[WhiteRD "107"]
[BlackElo "1604"]
[BlackRD "57"]
[GameID "717780"]

1. e4 d5 2. exd5 Qxd5 3. Nc3 Qd6 4. d4 Nf6 5. Nf3 c6 6. Ne5 Qd8 7. Bd3 e6 8. O-O Nbd7 9. Qf3 Bd6 10. Bf4 Qc7
11. Rae1 O-O 12. Re3 Nd5 13. Bxh7+ Kxh7 14. Qh5+ Kg8 15. Rh3
1-0

[Event "BAFDAG"]
[Site "SchemingMind.com"]
[Date "2021.11.25"]
[Round "-"]
[White "Daniel Dubé"]
[Black "mmccaffe"]
[Result "1-0"]
[WhiteCountry "CAN"]
[BlackCountry "USA"]
[WhiteElo "1649"]
[WhiteRD "56"]
[BlackElo "1554"]
[BlackRD "82"]
[GameID "717781"]

1. e4 c5 2. Nf3 d6 3. Bb5+ Nd7 4. c3 a6 5. Ba4 b5 6. Bc2 Ngf6 7. d4 Qc7 8. O-O g6 9. Re1 e5 10. d5 Bg7
11. a4 Bb7 12. Na3 b4 13. Nc4 O-O 14. a5 Ne8 15. Bg5 f5 16. exf5 gxf5 17. Ba4 Nef6 18. Bxf6
1-0

[Event "BAFDAG"]
[Site "SchemingMind.com"]
[Date "2021.11.23"]
[Round "-"]
[White "Phillip Beckett"]
[Black "Daniel Dubé"]
[Result "1/2-1/2"]
[WhiteCountry "ENG"]
[BlackCountry "CAN"]
[WhiteElo "1488"]
[WhiteRD "55"]
[BlackElo "1604"]
[BlackRD "57"]
[GameID "717782"]

1. d4 Nf6 2. e3 g6 3. Bd3 Bg7 4. Nd2 d6 5. f4 O-O 6. Ngf3 e5 7. fxe5 dxe5 8. dxe5 Ng4 9. Qe2 Nxe5 10. Nxe5 Bxe5
11. O-O Qh4 12. Nf3 Qh5 13. Nxe5 Qxe5 14. Qf3 Nc6 15. Qf4 Bd7 16. c3 Rad8 17. Bc4 Be6 18. Bxe6 fxe6 19. Qxe5 Rxf1+ 20. Kxf1 Nxe5
21. Ke2 Nd3 22. b3 Nxc1+ 23. Rxc1 Kf7 24. Rd1 Rxd1 25. Kxd1 Kf6 26. Ke2 Ke5 27. Kf3 b5 28. e4 c5 29. Ke3 c4 30. bxc4 bxc4
31. g3 h6 32. h4 h5 33. Kf3 Kf6 34. Kf4 e5+ 35. Ke3 g5 36. Kf3 g4+ 37. Ke3 Ke6 38. Kd2 Kd6 39. Kc2 Kc5 40. Kb2 Kb5
41. Ka3 Ka5 42. Kb2 Ka4 43. a3 a6 44. Ka2= a5 45. Kb2 Kb5 46. Ka2=
1/2-1/2

[Event "BAFDAG"]
[Site "SchemingMind.com"]
[Date "2021.11.25"]
[Round "-"]
[White "Daniel Dubé"]
[Black "private napoleon"]
[Result "1-0"]
[WhiteCountry "CAN"]
[BlackCountry "ENG"]
[WhiteElo "1629"]
[WhiteRD "60"]
[BlackElo "1692"]
[BlackRD "84"]
[GameID "717783"]

1. e4 c5 2. Nf3 d6 3. d4 cxd4 4. Nxd4 Nf6 5. Nc3 a6 6. Bg5 e5 7. Nf5 Bxf5 8. exf5 Nbd7 9. Bc4 Be7 10. O-O O-O
11. Qf3 b5 12. Bb3 Qb6 13. Rad1 Nc5 14. Bxf6 Bxf6 15. Nd5 Qd8 16. c3 Nxb3 17. axb3 Kh8 18. Rd2 Be7 19. Rfd1 Rg8 20. Nxe7 Qxe7
21. Rxd6 f6 22. Rd7 Qc5 23. Rf7 Rad8 24. Rxd8 Rxd8 25. h4 Kg8 26. Qb7 Rd1+ 27. Kh2
1-0

[Event "BAFDAG"]
[Site "SchemingMind.com"]
[Date "2021.11.24"]
[Round "-"]
[White "Daniel Dubé"]
[Black "lawyertheologian"]
[Result "0-1"]
[WhiteCountry "CAN"]
[BlackCountry "USA"]
[WhiteElo "1604"]
[WhiteRD "57"]
[BlackElo "2024"]
[BlackRD "86"]
[GameID "717784"]

1. e4 Nf6 2. e5 Nd5 3. d4 d6 4. c4 Nb6 5. exd6 cxd6 6. Nc3 g6 7. Be3 Bg7 8. Rc1 O-O 9. b3 f5 10. d5 e5
11. dxe6 Bxe6 12. Nf3 Nc6 13. Nd4 Bf7 14. Be2 d5 15. Nxc6 bxc6 16. c5 d4 17. cxb6 dxe3 18. fxe3 Qxb6 19. O-O Qxe3+ 20. Kh1 Rad8
21. Qc2 Rd2
0-1

[Event "BAFDAG"]
[Site "SchemingMind.com"]
[Date "2021.11.26"]
[Round "-"]
[White "Daniel Dubé"]
[Black "David Perna-Fraser"]
[Result "0-1"]
[WhiteCountry "CAN"]
[BlackCountry "CAN"]
[WhiteElo "1637"]
[WhiteRD "54"]
[BlackElo "2080"]
[BlackRD "84"]
[GameID "717785"]

1. e4 e5 2. Nf3 Nf6 3. Nxe5 d6 4. Nf3 Nxe4 5. c4 Be7 6. d4 O-O 7. Bd3 Nf6 8. Nc3 Bg4 9. O-O Nbd7 10. h3 Bh5
11. Re1 c5 12. d5 Ne5 13. Be2 Bxf3 14. Bxf3 Nxc4 15. b3 Ne5 16. Bf4 Nfd7 17. Ne4 Nxf3+ 18. Qxf3 Ne5 19. Bxe5 dxe5 20. d6 Bh4
21. Rad1 b6 22. Rd5 f5 23. Nc3 e4 24. Qd1 Qf6 25. Qc2 Rad8 26. Ne2 Rxd6 27. Red1 Rxd5 28. Rxd5 Qa1+ 29. Rd1 Qf6 30. Nf4 Kh8
31. g3 Bg5 32. Nd5 Qh6 33. h4 Bf6 34. Qc4 Qh5 35. Nxf6 Qxd1+ 36. Kh2 gxf6
0-1

[Event "BAFDAG"]
[Site "SchemingMind.com"]
[Date "2021.11.23"]
[Round "-"]
[White "JAHI"]
[Black "Daniel Dubé"]
[Result "1-0"]
[WhiteCountry "INT"]
[BlackCountry "CAN"]
[WhiteElo "2023"]
[WhiteRD "68"]
[BlackElo "1604"]
[BlackRD "57"]
[GameID "717786"]

1. d3 Nf6 2. g3 g6 3. Bg2 Bg7 4. Kf1 O-O 5. h3 d6 6. h4 e5 7. h5 Nxh5 8. Rxh5 gxh5 9. Nc3 f5 10. Bd2 f4
11. gxf4 exf4 12. Nd5 Na6 13. Qc1 f3 14. Nxf3 Bg4 15. c3 Qd7 16. Qc2 Bh3 17. Nf4 Bxg2+ 18. Nxg2 Qh3 19. Ng1 Qh1 20. Qb3+ Kh8
21. Qe6 Rxf2+ 22. Kxf2 Rf8+ 23. Bf4 Be5 24. Qh3
1-0

[Event "BAFDAG"]
[Site "SchemingMind.com"]
[Date "2021.11.27"]
[Round "-"]
[White "Arnold Jones"]
[Black "Daniel Dubé"]
[Result "0-1"]
[WhiteCountry "ENG"]
[BlackCountry "CAN"]
[WhiteElo "1478"]
[WhiteRD "66"]
[BlackElo "1604"]
[BlackRD "57"]
[GameID "717787"]

1. Nf3 Nf6 2. g3 g6 3. b3 Bg7 4. Bb2 O-O 5. c4 c5 6. Bxf6 Bxf6 7. d4 cxd4 8. Qd3 e5 9. e4 Bg7 10. Bg2 Nc6
11. Nbd2 f5 12. O-O d6 13. a3 f4 14. b4 g5 15. h3 Qe8 16. g4 h5 17. Nxg5 hxg4 18. hxg4 Qg6 19. Ngf3 Bxg4 20. Nh2 f3
21. Nxg4 fxg2 22. Kxg2 Qxg4+ 23. Qg3 Qxg3+ 24. Kxg3 Kf7 25. f3 Bh6 26. f4 Bxf4+ 27. Kg4 Rg8+ 28. Kf3 Rg3+ 29. Kf2 Rag8 30. Nf3 Rg2+
31. Ke1 d3 32. Kd1 R8g3 33. b5 Rxf3 34. Rxf3 Rg1+
0-1

[Event "BAFDAG"]
[Site "SchemingMind.com"]
[Date "2021.11.23"]
[Round "-"]
[White "Nattybridge"]
[Black "Daniel Dubé"]
[Result "1-0"]
[WhiteCountry "ENG"]
[BlackCountry "CAN"]
[WhiteElo "1971"]
[WhiteRD "77"]
[BlackElo "1604"]
[BlackRD "57"]
[GameID "717789"]

1. c4 c5 2. g3 Nf6 3. Bg2 d5 4. cxd5 Nxd5 5. Nc3 Nc7 6. Nf3 Nc6 7. O-O e5 8. d3 Be7 9. Be3 f6 10. Qb3 Rb8
11. Nd2 Be6 12. Qc2 O-O 13. Bxc6 bxc6 14. Na4 Rb4 15. Bxc5 Bxc5 16. Nxc5 Bh3 17. Rfc1 Qd5 18. Nf3 f5 19. e4 f4 20. exd5 fxg3
21. hxg3 Rxf3 22. Ne4 Nxd5 23. Qxc6 Rxb2 24. Qxd5+ Kf8 25. Qd8+ Kf7 26. Rc7+
1-0

[Event "BAFDAG"]
[Site "SchemingMind.com"]
[Date "2021.11.23"]
[Round "-"]
[White "Kenny Elliott"]
[Black "geekknight"]
[Result "0-1"]
[WhiteCountry "USA"]
[BlackCountry "NED"]
[WhiteElo "1541"]
[WhiteRD "67"]
[BlackElo "1936"]
[BlackRD "91"]
[GameID "717790"]

1. d4 d5 2. c4 c6 3. Nc3 Nf6 4. Nf3 dxc4 5. e4 b5 6. a3 e6 7. Bg5 Be7 8. b3 cxb3 9. Qxb3 Qa5 10. Bxf6 Bxf6
11. Qb4 Qxb4 12. axb4 O-O 13. e5 Be7 14. Bd3 Bxb4 15. Rc1 a5 16. O-O Bb7 17. Nd1 Rd8 18. Be4 a4 19. Nc3 Bxc3 20. Rxc3 b4
21. Rcc1 a3 22. Ra1 b3 23. d5 cxd5 24. Bd3 b2 25. Ra2 Ba6 26. Bxa6 Rxa6 27. Nd4 Rc8 28. Ne2 Rc2 29. Nd4 Rc1 30. Nxe6 fxe6
31. h4 Rxf1+ 32. Kxf1 b1=Q+
0-1

[Event "BAFDAG"]
[Site "SchemingMind.com"]
[Date "2021.11.23"]
[Round "-"]
[White "Derek Price"]
[Black "geekknight"]
[Result "1-0"]
[WhiteCountry "ENG"]
[BlackCountry "NED"]
[WhiteElo "2295"]
[WhiteRD "67"]
[BlackElo "1936"]
[BlackRD "91"]
[GameID "717791"]

1. c4 e5 2. Nc3 Bb4 3. Nd5 Bc5 4. Nf3 c6 5. Nc3 d6 6. e3 Qe7 7. d4 exd4 8. Nxd4 Nf6 9. a3 O-O 10. Be2 d5
11. cxd5 cxd5 12. b4 Bb6 13. Bb2 Nc6 14. Nxc6 bxc6 15. O-O Bf5 16. Rc1 Rac8 17. Ba6 Rc7 18. Na4 c5 19. Nxc5 Bxc5 20. bxc5 Rxc5
21. Qf3 Be6 22. Rxc5 Qxc5 23. Bxf6 gxf6 24. Qxf6 Qxa3 25. Ra1 Qc5 26. Bd3 Rc8 27. Qg5+ Kf8 28. Qh6+ Ke8 29. Qxh7 d4 30. Qh8+ Kd7
31. Qxd4+ Qxd4 32. exd4 Ra8 33. Be4
1-0

[Event "BAFDAG"]
[Site "SchemingMind.com"]
[Date "2021.11.22"]
[Round "-"]
[White "geekknight"]
[Black "The Stonewall"]
[Result "0-1"]
[WhiteCountry "NED"]
[BlackCountry "ENG"]
[WhiteElo "1940"]
[WhiteRD "102"]
[BlackElo "2391"]
[BlackRD "75"]
[GameID "717792"]

1. c4 b6 2. Nc3 Bb7 3. e4 e6 4. Nge2 Nf6 5. d3 c5 6. g3 d5 7. exd5 exd5 8. Bg2 Qd7 9. Nf4 dxc4 10. Bxb7 Qxb7
11. O-O Nc6 12. Re1+ Be7 13. dxc4 O-O 14. Nfd5 Rad8 15. Be3 Nxd5 16. Nxd5 Nb4 17. Nxe7+ Qxe7 18. Qb3 Nd3 19. Red1 Qe4 20. Rd2 Ne5
21. Rxd8 Rxd8
0-1

[Event "BAFDAG"]
[Site "SchemingMind.com"]
[Date "2021.11.22"]
[Round "-"]
[White "geekknight"]
[Black "aperturaf"]
[Result "0-1"]
[WhiteCountry "NED"]
[BlackCountry "ESP"]
[WhiteElo "1936"]
[WhiteRD "91"]
[BlackElo "2399"]
[BlackRD "107"]
[GameID "717793"]

1. c4 e6 2. g3 d5 3. Bg2 Nf6 4. Nf3 Be7 5. O-O O-O 6. b3 c5 7. Bb2 Nc6 8. e3 b6 9. Nc3 Bb7 10. cxd5 exd5
11. d4 Re8 12. Rc1 Rc8 13. Bh3 Rb8 14. Re1 h6 15. dxc5 bxc5 16. Na4 Ne4 17. Nd2 Nb4 18. Nxe4 dxe4 19. Qxd8 Rbxd8 20. Bf1 Nxa2
21. Rc4 Bd5 22. Rc2 Bxb3
0-1

[Event "BAFDAG"]
[Site "SchemingMind.com"]
[Date "2021.11.23"]
[Round "-"]
[White "mmccaffe"]
[Black "geekknight"]
[Result "0-1"]
[WhiteCountry "USA"]
[BlackCountry "NED"]
[WhiteElo "1596"]
[WhiteRD "82"]
[BlackElo "1960"]
[BlackRD "92"]
[GameID "717794"]

1. d4 Nf6 2. c4 e6 3. Nc3 c5 4. d5 exd5 5. cxd5 d6 6. e4 g6 7. Nge2 Bg7 8. Ng3 O-O 9. Be2 a6 10. a4 Nbd7
11. O-O Re8 12. f3 Rb8 13. Bg5 h6 14. Be3 Ne5 15. Qd2 h5 16. Bh6 Bh8
0-1

[Event "BAFDAG"]
[Site "SchemingMind.com"]
[Date "2021.11.23"]
[Round "-"]
[White "geekknight"]
[Black "Phillip Beckett"]
[Result "1-0"]
[WhiteCountry "NED"]
[BlackCountry "ENG"]
[WhiteElo "1940"]
[WhiteRD "102"]
[BlackElo "1468"]
[BlackRD "56"]
[GameID "717795"]

1. c4 d5 2. cxd5 Qxd5 3. Nc3 Qd8 4. d4 e6 5. e4 c5 6. Nf3 cxd4 7. Nxd4 Nf6 8. Bb5+ Bd7 9. e5 Nd5 10. Nxd5 exd5
11. O-O Be7 12. e6 fxe6 13. Nxe6
1-0

[Event "BAFDAG"]
[Site "SchemingMind.com"]
[Date "2021.11.23"]
[Round "-"]
[White "private napoleon"]
[Black "geekknight"]
[Result "0-1"]
[WhiteCountry "ENG"]
[BlackCountry "NED"]
[WhiteElo "1723"]
[WhiteRD "92"]
[BlackElo "1936"]
[BlackRD "91"]
[GameID "717796"]

1. e4 c6 2. d4 d5 3. exd5 cxd5 4. Nf3 Nc6 5. Bf4 Qb6 6. b3 Bg4 7. c3 e6 8. Bd3 Nf6 9. Qe2 Be7 10. O-O O-O
11. Nbd2 Rfc8 12. Qe3 Bh5 13. Ne5 Nxe5 14. Bxe5 Bg6 15. Bxg6 hxg6 16. Kh1 a5 17. f4 a4 18. c4 axb3 19. axb3 Rxa1 20. Rxa1 Ng4
21. Qg1 Bb4 22. h3 Nxe5 23. fxe5 Bxd2 24. cxd5 exd5
0-1

[Event "BAFDAG"]
[Site "SchemingMind.com"]
[Date "2021.11.22"]
[Round "-"]
[White "lawyertheologian"]
[Black "geekknight"]
[Result "1-0"]
[WhiteCountry "USA"]
[BlackCountry "NED"]
[WhiteElo "2024"]
[WhiteRD "86"]
[BlackElo "1936"]
[BlackRD "91"]
[GameID "717797"]

1. e4 c6 2. Nc3 d5 3. Nf3 dxe4 4. Nxe4 Nf6 5. Nxf6+ exf6 6. g3 Bd6 7. Bg2 O-O 8. O-O Re8 9. d4 Nd7 10. c4 Bf8
11. b3 Nb6 12. Bb2 Bg4 13. h3 Bh5 14. g4 Bg6 15. Nh4 Be4 16. f3 Bg6 17. Nxg6 hxg6 18. f4 Qd7 19. Qd3 Rad8 20. Rad1 Nc8
21. Rf3 Nd6 22. Re3 Rxe3 23. Qxe3 Re8 24. Qd3 Qe7 25. Ba3 Qe2 26. Qxe2 Rxe2 27. d5 cxd5 28. Rxd5 Nxc4 29. Bf3 Rxa2 30. Bxf8 Nd2
31. Bg2 Kxf8 32. Rd7 b6 33. Bd5 Ra3 34. Rxf7+ Ke8 35. Rxg7 Nxb3 36. Rxg6 Nc5 37. h4 Ke7 38. h5 Nd3 39. h6 Nxf4 40. Rg7+ Kd6
41. h7 Rh3 42. Be4 Ke5 43. Bf5 a5 44. Rg8
1-0

[Event "BAFDAG"]
[Site "SchemingMind.com"]
[Date "2021.11.27"]
[Round "-"]
[White "David Perna-Fraser"]
[Black "geekknight"]
[Result "1-0"]
[WhiteCountry "CAN"]
[BlackCountry "NED"]
[WhiteElo "1983"]
[WhiteRD "83"]
[BlackElo "1925"]
[BlackRD "92"]
[GameID "717798"]

1. e4 c6 2. d4 d5 3. e5 Bf5 4. g4 Be4 5. f3 Bg6 6. h4 h5 7. Ne2 hxg4 8. Nf4 Bf5 9. fxg4 Be4 10. Rh2 e6
11. g5 Ne7 12. Bd3 Bxd3 13. Qxd3 Nf5 14. Nd2 Rxh4 15. Rxh4 Nxh4 16. g6 Qg5 17. Nf3 Qg3+ 18. Ke2 Nxg6 19. Nxg6 Qxg6 20. Qxg6 fxg6
21. Be3 Be7 22. Rh1 Nd7 23. Rh8+ Nf8 24. Bg5 Kf7 25. Bxe7 Kxe7 26. Ng5 Rb8 27. Rg8
1-0

[Event "BAFDAG"]
[Site "SchemingMind.com"]
[Date "2021.11.22"]
[Round "-"]
[White "geekknight"]
[Black "JAHI"]
[Result "0-1"]
[WhiteCountry "NED"]
[BlackCountry "INT"]
[WhiteElo "1925"]
[WhiteRD "92"]
[BlackElo "2070"]
[BlackRD "70"]
[GameID "717799"]

1. c4 c6 2. g3 g6 3. Bg2 Bg7 4. Nf3 h6 5. Nc3 h5 6. d4 Kf8 7. Bg5 f6 8. Be3 f5 9. Qd2 d6 10. d5 Nf6
11. Nd4 c5 12. Nf3 Kg8 13. Bg5 Qf8 14. Nh4 Qf7 15. O-O Kh7 16. e4 Na6= 17. Rae1 Nc7 18. f4 Rd8 19. e5 Ng8= 20. a3 b6
21. b4 Bb7 22. h3 Bc8 23. Qe2 Rf8 24. e6 Bd4+ 25. Kh1 Qg7 26. Ne4 Nf6 27. Bxf6 Bxf6 28. Nxf6+ Qxf6 29. Nf3 Kg8 30. Ng5 Ba6
31. b5 Bb7 32. a4 a6 33. g4 hxg4 34. hxg4 axb5 35. axb5 Ra4 36. gxf5 Qh8+ 37. Bh3 Rxc4
0-1

[Event "BAFDAG"]
[Site "SchemingMind.com"]
[Date "2021.11.24"]
[Round "-"]
[White "Daniel Dubé"]
[Black "geekknight"]
[Result "0-1"]
[WhiteCountry "CAN"]
[BlackCountry "NED"]
[WhiteElo "1629"]
[WhiteRD "60"]
[BlackElo "1960"]
[BlackRD "92"]
[GameID "717800"]

1. e4 c6 2. Nc3 d5 3. Nf3 dxe4 4. Nxe4 Nf6 5. Qe2 Nxe4 6. Qxe4 Nd7 7. d4 Nf6 8. Qf4 Nd5 9. Qe4 g6 10. c4 Nf6
11. Qf4 Bg7 12. Be2 Bg4 13. Be3 O-O 14. Ne5 Bxe2 15. Kxe2 Qa5 16. g3 Nh5 17. Qe4 f5 18. Qc2 Bxe5 19. dxe5 f4 20. gxf4 Nxf4+
21. Bxf4 Rxf4 22. h4 Rd8 23. h5 Qxe5+ 24. Kf1 Qe4 25. Qxe4 Rxe4 26. hxg6 hxg6 27. Rg1 Kf7 28. Re1 Rxe1+ 29. Kxe1 c5 30. b3 Rd4
31. Ke2 Kf6 32. Ke3 Kf5 33. Ke2 g5 34. Ke3 Re4+ 35. Kd3= Rf4 36. Rg2 e5 37. Ke3 g4 38. Rh2 Rf3+ 39. Ke2 Rh3 40. Rg2 Kf4
41. Rg1 Rh2 42. Ke1 e4 43. Rg3 Rh3 44. Rg1 e3 45. fxe3+ Rxe3+ 46. Kf2 g3+ 47. Kf1 Kf3 48. Rg2 Re1+ 49. Kxe1 Kxg2
0-1

[Event "BAFDAG"]
[Site "SchemingMind.com"]
[Date "2021.11.27"]
[Round "-"]
[White "geekknight"]
[Black "Arnold Jones"]
[Result "1-0"]
[WhiteCountry "NED"]
[BlackCountry "ENG"]
[WhiteElo "1940"]
[WhiteRD "102"]
[BlackElo "1477"]
[BlackRD "64"]
[GameID "717801"]

1. c4 f5 2. g3 Nf6 3. Bg2 e5 4. Nc3 c6 5. d4 Bb4 6. dxe5 Bxc3+ 7. bxc3 Ne4 8. Qd4 c5 9. Qd3 Nxf2 10. Kxf2 O-O
11. Nf3 g6 12. Bg5 Qc7 13. Qd5+ Kg7 14. Bf6+ Rxf6 15. exf6+ Kxf6 16. Rhf1 d6 17. Kg1 Be6 18. Qd3 Nc6 19. e4 Ne5 20. Nxe5 dxe5
21. exf5 gxf5 22. Rad1 Qg7 23. Qd6 b6 24. Bd5 Re8 25. Rde1 Kg5 26. Bxe6 Rxe6 27. Qxe6 Qf6 28. Rxe5 Qxe6 29. Rxe6
1-0

[Event "BAFDAG"]
[Site "SchemingMind.com"]
[Date "2021.11.22"]
[Round "-"]
[White "geekknight"]
[Black "Nattybridge"]
[Result "0-1"]
[WhiteCountry "NED"]
[BlackCountry "ENG"]
[WhiteElo "1940"]
[WhiteRD "102"]
[BlackElo "1949"]
[BlackRD "78"]
[GameID "717803"]

1. c4 e5 2. g3 c6 3. d4 e4 4. Nc3 d5 5. Bg2 Nf6 6. Bg5 Nbd7 7. cxd5 cxd5 8. Qb3 Bd6 9. e3 h6 10. Bxf6 Nxf6
11. Nge2 O-O 12. O-O Be6 13. Rfc1 Qd7 14. Na4 b6 15. Rc2 Rfc8 16. Rac1 Rxc2 17. Rxc2 Bg4 18. Nf4 Bxf4 19. gxf4 Bd1 20. Qc3 Bxc2
21. Qxc2 Rc8 22. Nc3 b5 23. Qb3 a5 24. a3 Rc6 25. h3 Rc4 26. Bf1 b4 27. Nxd5 Rc1 28. Nxf6+ gxf6 29. Kg2 Qf5
0-1

[Event "BAFDAG"]
[Site "SchemingMind.com"]
[Date "2021.11.23"]
[Round "-"]
[White "Kenny Elliott"]
[Black "Nattybridge"]
[Result "0-1"]
[WhiteCountry "USA"]
[BlackCountry "ENG"]
[WhiteElo "1541"]
[WhiteRD "67"]
[BlackElo "1971"]
[BlackRD "77"]
[GameID "717806"]

1. d4 d5 2. Nf3 c6 3. c4 Nf6 4. Nc3 dxc4 5. e4 b5 6. a3 e6 7. Bg5 Be7 8. Bxf6 Bxf6 9. e5 Be7 10. b4 O-O
11. g3 Bb7 12. Bg2 Nd7 13. O-O a6 14. Qc2 f6 15. Rad1 f5 16. Qc1 Nb6 17. Qc2 Nd5 18. Nxd5 cxd5 19. Qc1 a5 20. Qb1 axb4
21. axb4 Ra4 22. h4 Rxb4 23. Qc2 Qa8 24. Ra1 Ra4 25. Rxa4 Qxa4 26. Qxa4 bxa4 27. Ra1 a3 28. Ne1 Bc6 29. Nc2 c3 30. Bf1 Rb8
31. Nxa3 Bxa3 32. Rxa3 c2 33. Rc3 Ba4 34. Bd3 Rb1+ 35. Kg2 c1=Q 36. Rxc1 Rxc1 37. Ba6 Rd1 38. Bc8 Kf7 39. Kf3 Rxd4
0-1

[Event "BAFDAG"]
[Site "SchemingMind.com"]
[Date "2021.11.23"]
[Round "-"]
[White "Derek Price"]
[Black "Nattybridge"]
[Result "1-0"]
[WhiteCountry "ENG"]
[BlackCountry "ENG"]
[WhiteElo "2295"]
[WhiteRD "67"]
[BlackElo "1971"]
[BlackRD "77"]
[GameID "717807"]

1. c4 e5 2. Nc3 Bb4 3. Nd5 Bc5 4. Nf3 c6 5. Nc3 d6 6. e3 Qe7 7. d4 Bb4 8. Qb3 a5 9. a3 Bxc3+ 10. Qxc3 e4
11. Nd2 Nf6 12. h3 O-O 13. Be2 Nbd7 14. O-O d5 15. a4 c5 16. Rd1 b6 17. b3 Ba6 18. Bb2 Rfc8 19. Nf1 dxc4 20. bxc4 cxd4
21. Rxd4 Nc5 22. Ng3 Qe8 23. Rd6 Rc6 24. Rxf6 Rxf6 25. Nh5 Qe7 26. Nxf6+ gxf6 27. Qxf6 Qxf6 28. Bxf6 Rc8 29. Rd1 Ne6 30. Rd6 Bxc4
31. Bxc4 Rxc4 32. Rxb6 h6 33. h4 Rxa4 34. g4 Rb4 35. Ra6 a4 36. h5 Nc7 37. Ra7 Ne8 38. Ra8 Kf8 39. Kg2 a3 40. Be5 Ke7
41. Rxa3 Rb5 42. Bf4 Rb6 43. Ra5 Nf6 44. Kg3
1-0

[Event "BAFDAG"]
[Site "SchemingMind.com"]
[Date "2021.11.22"]
[Round "-"]
[White "Nattybridge"]
[Black "The Stonewall"]
[Result "1/2-1/2"]
[WhiteCountry "ENG"]
[BlackCountry "ENG"]
[WhiteElo "2058"]
[WhiteRD "84"]
[BlackElo "2293"]
[BlackRD "78"]
[GameID "717808"]

1. c4 b6 2. Nc3 e6 3. e4 Bb7 4. Nge2 Nf6 5. d3 d5 6. cxd5 exd5 7. e5 Nfd7 8. d4 c5 9. f4 Be7 10. Be3 O-O
11. g3 Na6 12. Bg2 Nc7 13. O-O Rb8 14. a3 f6 15. b4 Kh8 16. exf6 Rxf6 17. f5 c4 18. Bg5 Rf7 19. Bf4 Rxf5 20. Qa4 a5
21. Bh3 Rxf4 22. Nxf4 axb4 23. axb4 Nf6 24. b5 Bc8 25. Bg2 Bb7 26. Bh3 Bd6 27. Rae1 Ra8 28. Qd1 Bb4 29. Qc2 Ra3 30. Nfe2 Qe8
31. Ra1 Nxb5 32. Nxb5 Qxb5 33. Rxa3 Bxa3 34. Rb1 Qc6 35. Nc3 Be7 36. Qb2 Bd8 37. Qb5 g6 38. Qxc6 Bxc6 39. Kf2 Kg7 40. Ke3 Kf7
41. Bc8 Ke7 42. Kd2 Kd6 43. Ba6 Ng4 44. h4 Nf6 45. Ke3 Nh5 46. Kf3 Ng7 47. Bc8 Ne6 48. Bxe6 Kxe6 49. Re1+ Kd6 50. Ke3 Be7
51. Rb1 Kc7 52. Kf3 Bd8 53. Ke3 Be7 54. Kf3 h6 55. Kf4 Bd6+ 56. Kf3 h5 57. Rb2 Be7 58. Rb1=
1/2-1/2

[Event "BAFDAG"]
[Site "SchemingMind.com"]
[Date "2021.11.23"]
[Round "-"]
[White "private napoleon"]
[Black "Nattybridge"]
[Result "0-1"]
[WhiteCountry "ENG"]
[BlackCountry "ENG"]
[WhiteElo "1692"]
[WhiteRD "84"]
[BlackElo "2005"]
[BlackRD "79"]
[GameID "717809"]

1. e4 c6 2. d4 d5 3. exd5 cxd5 4. Bf4 Nf6 5. Nf3 Bf5 6. Bb5+ Nbd7 7. O-O a6 8. Ba4 b5 9. Bb3 e6 10. c3 Be7
11. Re1 O-O 12. Nbd2 h6 13. h3 Nb6 14. Qe2 Nfd7 15. Qe3 Rc8 16. Bxh6 gxh6 17. Qxh6 Bf6 18. g4 Bh7 19. Kh1 Bg7 20. Qe3 Nc4
21. Bxc4 bxc4 22. Rg1 Qb6 23. Nh2 Qxb2 24. h4 Bd3 25. g5 Qxc3 26. Ndf3 Qb2 27. Ng4 Kh8 28. h5 Be4
0-1

[Event "BAFDAG"]
[Site "SchemingMind.com"]
[Date "2021.11.27"]
[Round "-"]
[White "David Perna-Fraser"]
[Black "Nattybridge"]
[Result "1-0"]
[WhiteCountry "CAN"]
[BlackCountry "ENG"]
[WhiteElo "2080"]
[WhiteRD "84"]
[BlackElo "2050"]
[BlackRD "81"]
[GameID "717810"]

1. e4 c6 2. d4 d5 3. e5 Bf5 4. g4 Be4 5. f3 Bg6 6. h4 h5 7. Ne2 e6 8. Nf4 Ne7 9. Nc3 Nd7 10. Be3 b5
11. a3 a6 12. Qd2 c5 13. dxc5 Nxe5 14. Be2 hxg4 15. fxg4 Bh7 16. O-O-O N7c6 17. Bd4 Nxd4 18. Qxd4 Qc7 19. Nfxd5 exd5 20. Nxd5 O-O-O
21. Kb1 Bxc5 22. Qc3 Qa7 23. Rhf1 f6 24. b4 Kb8 25. bxc5 Rc8 26. Nb4 a5 27. g5 axb4 28. axb4 Qa6 29. h5 Rhe8 30. h6 fxg5
31. hxg7 g4 32. Kb2 Qb7 33. Rd6 Qxg7 34. Rb6+ Kc7 35. Bxb5 Be4 36. Rff6
1-0

[Event "BAFDAG"]
[Site "SchemingMind.com"]
[Date "2021.11.22"]
[Round "-"]
[White "Nattybridge"]
[Black "JAHI"]
[Result "1-0"]
[WhiteCountry "ENG"]
[BlackCountry "INT"]
[WhiteElo "2005"]
[WhiteRD "79"]
[BlackElo "2044"]
[BlackRD "69"]
[GameID "717811"]

1. c4 c6 2. g3 g6 3. Bg2 Bg7 4. Nf3 h6 5. d4 h5 6. Nc3 Kf8 7. O-O h4 8. Nxh4 Rxh4 9. gxh4 d6 10. e4 Na6
11. a3 c5 12. Be3 Bd7 13. d5 Nf6 14. Qd2 Kg8 15. Bh6 Qf8 16. Bxg7 Qxg7 17. Qg5 Re8 18. Rae1 Nh7= 19. Qe3 Nc7 20. e5 Qxe5
21. Qxe5 dxe5 22. Rxe5 b6 23. Rfe1 e6 24. d6 Na6 25. h5 g5 26. Be4 f6 27. Bxh7+ Kxh7 28. R5e3 Kg7 29. Ne4 Nb8 30. Rf3 Rh8
31. Nxf6 Bc6 32. Ne4 Rxh5 33. Rg3 Kg6 34. f4 Bxe4 35. Rxe4 Kf5 36. Rxg5+ Rxg5+ 37. fxg5 Nd7 38. h4 e5 39. Re1 Kg6 40. Rf1 a6
41. Kf2 b5 42. Ke3 b4 43. Rf6+ Kg7 44. h5 Kg8 45. h6 bxa3 46. bxa3 Nb6 47. Ke4 a5 48. g6 a4 49. Kxe5 Nxc4+ 50. Ke6 Nb6
51. d7 Nxd7 52. Kxd7 c4 53. Ke8 c3 54. Rf8#
1-0